| 000 | 01004nam a2200265 a 4500 | ||
|---|---|---|---|
| 001 | BRCA_3489 | ||
| 005 | 20190320204315.0 | ||
| 020 | _a9680302377 | ||
| 020 | _a9789680302376 | ||
| 041 | _aspa | ||
| 044 | _amx | ||
| 050 | 4 |
_aNA5257.C3 _b.M49 _c2008 |
|
| 100 | 1 |
_aMeyer de Stinglhamber, Bárbara _96742 |
|
| 245 | 1 | 0 |
_aIglesias de la antigua California _bfachadas y retablos del siglo XVIII _cBárbara Mayer de Stinglhamber ; fotografías de Carlos Lazcano. |
| 260 |
_aMéxico _bINAH _c2008 |
||
| 300 |
_a222 p. _bil. a color _c28 cm. |
||
| 500 | _aIncluye índice de ilustraciones, índice de imágenes y escenas y glosario | ||
| 504 | _aBibliografía: p. 219-222 | ||
| 650 | 1 | 4 |
_aIglesias _xDecoración y ornamentación _99077 |
| 650 | 1 | 4 |
_aRetablos _ySiglo XVIII _zBaja California (México) _99078 |
| 650 | 1 | 4 |
_aFachadas (Arquitectura) _ySiglo XVIII _zBaja California (México) _99079 |
| 650 | 1 | 4 |
_aDecoración y ornamentación religiosa _94012 |
| 700 | 1 |
_aLazcano, Carlos _efot _99080 |
|
| 942 |
_2lcc _cB |
||
| 999 |
_c3225 _d3225 |
||